Advanced engineering mathematics (Record no. 2354)

000 -LEADER
fixed length control field 00457nam a22001937a 4500
001 - CONTROL NUMBER
control field 2354
003 - CONTROL NUMBER IDENTIFIER
control field BD-DhUET
008 - FIXED-LENGTH DATA ELEMENTS--GENERAL INFORMATION
fixed length control field 140922b xxu||||| |||| 00| 0 eng d
020 ## - INTERNATIONAL STANDARD BOOK NUMBER
International Standard Book Number 8121903459
040 ## - CATALOGING SOURCE
Transcribing agency 0
Modifying agency BD-DhUET
082 ## - DEWEY DECIMAL CLASSIFICATION NUMBER
Classification number 510
Item number DAS/2007
100 ## - MAIN ENTRY--PERSONAL NAME
Personal name Dass, H.K.
245 ## - TITLE STATEMENT
Title Advanced engineering mathematics
250 ## - EDITION STATEMENT
Edition statement 17th Rev. ed.
260 ## - PUBLICATION, DISTRIBUTION, ETC. (IMPRINT)
Place of publication, distribution, etc. Ram Nagar
Name of publisher, distributor, etc. S. Chand.
Date of publication, distribution, etc. 2007
300 ## - PHYSICAL DESCRIPTION
Extent xvi,1274p.
650 #0 - SUBJECT ADDED ENTRY--TOPICAL TERM
Topical term or geographic name as entry element Mathematics
942 ## - ADDED ENTRY ELEMENTS (KOHA)
Koha item type General Book
Holdings
Piece designation (barcode) Source of classification or shelving scheme Koha full call number Copy number Not for loan Damaged status Koha date last borrowed Koha normalized classification for sorting Koha issues (times borrowed) Location (home branch) Lost status Koha item type Koha date last seen Withdrawn status Sublocation or collection (holding branch) Koha out on loan Shelving location Date acquired Price effective from
103924 510/DAS/20071  2022-11-23510DAS20073Central Library, BUET General Book2023-05-06 Central Library, BUET Circulation section2014-09-222014-09-22
103925 510/DAS/20072  2026-01-13510DAS20076Central Library, BUET General Book2026-01-13 Central Library, BUET2026-01-27Circulation section2014-09-222014-09-22
103927 510/DAS/20073  2024-12-01510DAS20074Central Library, BUET General Book2025-02-10 Central Library, BUET Circulation section2014-09-222014-09-22
103928 510/DAS/20074  2023-03-22510DAS20073Central Library, BUET General Book2023-06-05 Central Library, BUET Circulation section2014-09-222014-09-22
103929 510/DAS/20075  2014-11-12510DAS20071Central Library, BUET General Book2016-02-24 Central Library, BUET Circulation section2014-09-222014-09-22
103931 510/DAS/20077  2023-01-11510DAS20072Central Library, BUET General Book2023-02-28 Central Library, BUET Circulation section2014-09-222014-09-22
103930 510/DAS/20076  2026-04-15510DAS20073Central Library, BUET General Book2026-04-15 Central Library, BUET2026-04-29Circulation section2014-09-222014-09-22
103922 510/DAS/20078  2019-01-20510_000000000000000_DAS_20072Central Library, BUET General Book2019-03-31 Central Library, BUET Circulation section2015-01-262015-01-26
103923 510DAS/20079  2025-03-02510DAS_2007_0000000000000002Central Library, BUET General Book2025-04-07 Central Library, BUET Circulation section2015-09-012015-09-01
103926 510/DAS/200710  2024-11-24510_000000000000000_DAS_200711Central Library, BUET General Book2024-11-24 Central Library, BUET2024-12-08Circulation section2007-05-282017-05-29